Finlande ou Estonie ? - Question à choix multiple - Statistiques

Statistiques générales
  • Ce quiz a été pris 51 fois
  • Le résultat moyen est 14 sur 20
Statistiques - réponses
Question Réponse % Correct
Quel pays est considéré comme un des trois pays baltes ? Estonie
100%
Quel pays a la plus grande superficie ? Finlande
100%
Dans quel pays se situe la Laponie ? Finlande
100%
Quel pays a pour nom dans sa langue natale "Suomi" ? Finlande
97%
Quel pays a pour capitale Tallinn ? Estonie
93%
Dans quel pays vit le dernier peuple autochtone d'Europe ? Finlande
86%
Quel pays touche la mer baltique ? Les deux
86%
Pays où la marque de téléphone Nokia a été inventé Finlande
83%
Qui sont-ils ? Les Samis
83%
Quel pays est le plus densément peuplé ? Estonie
79%
Quel pays participa à la guerre d'hiver ? Finlande
79%
Quel pays appartenait à l'URSS jusqu'en 1991 ? Estonie
76%
Quel pays a l'euro comme devise monétaire ? Les deux
76%
Quel est le pays avec le plus de site du patrimoine mondiale de l'UNESCO ? FInlande
69%
Quel pays a le plus de pays frontaliers ? Finlande
69%
Quel pays s'est fait dominé le plus longtemps par la Russie ? Estonie
48%
Pour quel raison ? Car ce territoire est recouvert de lacs, de marécages
34%
Pays où Myspace a été inventé ? Aucun
31%
Quel pays est une population plus centralisé dans leurs capitale ? Estonie
31%
Quel pays s'est fait occupé par la Suède ? Les deux
21%
Aucun quiz correspondant
Distribution des résultats
% des personnes avec chaque résultat
Percentile par nombre de réponses
Votre historique - résultats
Vous n’avez pas pris ce quiz